|
|
|
|
| LEADER |
00839naa a2200181 i 4500 |
| 001 |
acta60297 |
| 005 |
20260224081030.0 |
| 008 |
190731s2006 hu o 100 hun d |
| 040 |
|
|
|a SZTE Egyetemi Kiadványok Repozitórium
|b hun
|
| 041 |
|
|
|a hun
|
| 100 |
1 |
|
|a Bankó Marietta
|
| 245 |
1 |
2 |
|a A Veszprémi Egyetemen angoltanárként végzettek egy csoportjának véleménye a kibocsátó intézmény angoltanárképzéséről
|h [elektronikus dokumentum] /
|c Bankó Marietta
|
| 260 |
|
|
|c 2006
|
| 300 |
|
|
|a 113
|
| 490 |
0 |
|
|a Pedagógiai Értékelési Konferencia
|v 4
|
| 695 |
|
|
|a Tanárképzés - nyelvi - Magyarország - regionális - előadáskivonat, Veszprém, Felsőoktatás - előadáskivonat
|
| 710 |
|
|
|a Pedagógiai Értékelési Konferencia (4.) (2006) (Szeged)
|
| 856 |
4 |
0 |
|u http://acta.bibl.u-szeged.hu/60297/1/pek_2006_113.pdf
|z Dokumentum-elérés
|